Представление документа в формате MARC21

Поле Инд. ПП Название Значение
Тип записи a
Библиографический уровень a
001 Контрольный номер RU/IS/BASE/431180492
005 Дата корректировки 20180409143414.6
020 a ISBN 978-5-7609-0560-4
040 a Служба первич. каталог. НБ ТвГУ
b Код языка каталог. rus
e Правила каталог. PSBO
041 0_ a Код языка текста rus
100 1_ a Автор Королева Любовь Федоровна
q Полное имя Королева Л. Ф.
245 10 a Заглавие Механохимические особенности полирования металлов трибохимически активными абразивными материалами
260 a Место издания Тверь
b Издательство Тверской государственный университет
c Дата издания 2011
504 a Библиография Библиогр.: с. 113
520 0_ a Аннотация Предлагается механохимическая концепция полирования металлов как трибохимический процесс, состоящий из двух стадий: первая - образование оксидной пленки на поверхности металла в результате активирования трением, вторая стадия связана с разрушением и удалением оксидной пленки. Показано, что процесс, определяющий качество полирования металлов, это - процесс образования оксидной пленки на поверхностии и ее удаление.
653 0_ a Ключевые слова Поверхности
653 1_ a Ключевые слова Шероховатые поверхности
653 1_ a Ключевые слова Полирование металлов
653 1_ a Ключевые слова Оксидные пленки
653 1_ a Ключевые слова Деформация
653 1_ a Ключевые слова Твердые растворы оксидов
653 1_ a Ключевые слова Кинетика
653 1_ a Ключевые слова Трибохимические процессы
700 1_ a Другие авторы Смирнова, Светлана Валерьевна
q Полное имя Смирнова, С. В.
773 08 w Контрольный № источника RU/IS/BASE/392298609
t Название источника Физико-химические аспекты изучения кластеров, наноструктур и наноматериалов
d Место и дата издания Тверь : Тверской государственный университет, 2011
g Прочая информация Вып. 3. - С. 106-113
856 40 u URL http://texts.lib.tversu.ru/texts/11505t.pdf
x Примечание для ЭОР Справка УИС 2016
i Дата подключения ЭОР 20170412
x Примечание для ЭОР Реестр суммарного учета сетевых локальных документов
900 a Имя макрообъекта 11505t
901 t Тип документа a
920 a Оператор Корж